000 01129nam a2200253Ia 4500
008 250304t2005||||xx |||||||||||||| ||spa||
040 _agtgcusco
_bspa
_cgtgcusco
_dgtgcusco
041 _aspa
084 _aT2203
100 _aGonzález González, Juan Eliézer
_911362
245 0 _aDescripción de las creencias y prácticas de la población adulta, en el control de hemorragias post-extracción, de los Municipios de Cabricán, San Carlos Sija, Llanos del Pinal y San Juan Ostuncalco del Departamento de Quetzaltenango.
260 _aGuatemala :
_bUSAC,
_c2005
300 _a55 páginas :
_bil ;
_c28 cm.
336 _atexto
337 _aSin mediación
338 _avolumen
502 _aTesis (Cirujano Dentista) -- Universidad de San Carlos de Guatemala, Facultad de Odontología
650 _aMateria médica
_97146
650 _aServicios de salud autóctonos
_911363
700 _aGonzález Moncada, Erwin Ramiro
_easesor
_99431
700 _aLima Sagastume, Víctor Hugo
_easesor
_99438
856 _uhttp://www.repositorio.usac.edu.gt/id/eprint/15892
942 _aBiblioteca Facultad de Odontología
_cTesis
_kT2203
999 _c4497
_d4497